Normentheorie als Grundlage der Jurisprudenz und Ethik : eine Auseinandersetzung mit Hans Kelsens Theorie der Normen /

Hlavní autor: Weinberger, Ota, 1919-2009
Jazyk: Němčina
Vydáno: Berlin : Duncker & Humblot, 1981
Edice: Schriften zur Rechtstheorie
Fyzický popis: 208 s.
Knihy
Uloženo v:
LEADER 00856nam a2200241 a 4500
001 000458341
003 CZ BrMZK
005 20100525092933.0
007 ta
008 000105s1981 gw f ger d
040 |a BOA001  |b cze 
080 |a 340.13  |2 MRF 
080 |a 34(430)"19":92 Kelsen, Hans  |2 MRF 
100 1 |a Weinberger, Ota,  |d 1919-2009  |7 jk01151489  |4 edt 
245 1 0 |a Normentheorie als Grundlage der Jurisprudenz und Ethik :  |b eine Auseinandersetzung mit Hans Kelsens Theorie der Normen /  |c Ota Weinberger 
260 |a Berlin :  |b Duncker & Humblot,  |c 1981 
300 |a 208 s. 
490 1 |a Schriften zur Rechtstheorie ;  |v Ht. 95 
504 |a Obsahuje bibliografii 
830 0 |a Schriften zur Rechtstheorie 
910 |a BOA001  |b 2-0876.142 
990 |a BK 
996 7 |b 2619718805  |c 2-0876.142  |l MZK  |r Sklad / do 1 hodiny  |n 2  |w 000458341  |u 000010  |a 1  |e BOA001  |j MZK50  |s A